=LDR 00000nam 2200000 4500 =001 INLIS000000000029932 =005 20201126111514 =035 ##$$a 0010-061300000029932 =008 201126################g##########0#ind## =041 ##$$a Ind =082 ##$$a 338.640 959 813 =090 ##$$a 338.640 959 813, Ind i =245 ##$$a Industri kecil dan kesempatan kerja, disunting oleh Syahrial Syarif =260 ##$$a Padang :$b Universitas Andalas,$c 1991 =300 ##$$a 216 hlm, 21 cm =650 #4$$a Industri kecil =850 ##$$a NBPNMAT =084 ##$$a 338.640 959 813 IND =250 ##$$a cet.1 =700 #$$a Penyunting, Syahrial Syarif =990 ##$$a 40.911/hD.91